000 00758nam a2200241Ia 4500
003 OSt
005 20220923213241.0
006 a|||||r|||| 00| 0
007 ta
008 220922b |||||||| |||| 00| 0 hin d
024 _a160,185
037 _cTextual
040 _aARTS
_cARTS
_bhin
041 _2hin
_ahin
082 _aO152,3:g, K8;L7
100 _aयादव, राजेन्द्र
_9156270
245 0 _aकहानी
_b स्वरूप और सवंेदना
246 _aKahānī: svarūp aur savanedanā
260 _c1968
650 _aहिन्दी साहित्य
_9156264
942 _hO152,3:g, K8;L7
_cTEXL
_2CC
999 _c314932
_d314932